|
|
|
|
| LEADER |
00850nta a2200217 i 4500 |
| 001 |
dokt8287 |
| 005 |
20221108125427.0 |
| 008 |
221108s1973 hu om 0|| hun d |
| 040 |
|
|
|a SZTE Doktori Repozitórium
|b hun
|
| 041 |
|
|
|a hun
|
| 100 |
2 |
|
|a Boros Istvánné Szegedi Judit
|
| 245 |
1 |
0 |
|a Szénhidrogénkutató fúrások értékelhetőségének lehetősége az oldható szerves anyag tartalom alapján
|h [elektronikus dokumentum] /
|c Boros Istvánné Szegedi Judit
|
| 260 |
|
|
|c 1973
|
| 502 |
|
|
|a Disszertacio
|
| 650 |
|
4 |
|a földtudományok
|
| 650 |
|
4 |
|a Természettudományok
|
| 650 |
|
4 |
|a Föld- és kapcsolódó környezettudományok
|
| 695 |
|
|
|a Geokémia
|
| 700 |
0 |
1 |
|a Grasselly Gyula
|e ths
|
| 700 |
0 |
2 |
|a Weissné Vincze Irén
|e ths
|
| 856 |
4 |
0 |
|u https://doktori.bibl.u-szeged.hu/id/eprint/8287/1/1973_boros_istvanne_szegedi_judit.pdf
|z Dokumentum-elérés
|